000
00291nam a22001337a 4500
008
210226b ||||| |||| 00| 0 eng d
020
_a
0812101677
041
_a
eng
080
_a
61
100
_a
4
101
_a
SHM
245
_a
Clinical Nuclear Medicine
_c
Maynard,D.C
942
_2
udc
_c
BK
999
_c
55303
_d
55303